000 00255nam a2200097Ia 4500
001 796699
005 20250826170753.0
008 250824s9999 xx 000 0 und d
245 0 _aDENİZ ALTINDA 20.000 FERSAH
_cJULES VERNE
260 _bSEDİR YAYINLARI A.Ş.
999 _c796699
_d796699